| 000 | 00755nam a2200253Ia 4500 | ||
|---|---|---|---|
| 003 | OSt | ||
| 005 | 20220928125020.0 | ||
| 006 | a|||||r|||| 00| 0 | ||
| 007 | ta | ||
| 008 | 220927b |||||||| |||| 00| 0 eng d | ||
| 020 | _c1410.3 | ||
| 024 | _a119805 | ||
| 037 |
_b43, 01/10/2013, Pioneer Book Distributors _cTextual |
||
| 040 |
_aSDCL _cSDCL _beng |
||
| 041 |
_2eng _aeng |
||
| 082 | _aR3xN30, Q1.1 | ||
| 100 |
_aDerrida Jacques _9439082 |
||
| 245 | 0 | _aBeast & the sovereign (Vol-1) | |
| 260 |
_aChicago _bThe University Of Chicago Press _c2009 |
||
| 300 |
_axvi;349p _ccm. |
||
| 650 | _aPhilosophy | ||
| 942 |
_hR3xN30, Q1.1 _cTEXL _2CC |
||
| 999 |
_c780461 _d780461 |
||